000 00860nam a2200229 a 4500
001 000048497
003 DO-SdBNP
005 20260527074042.0
008 190325s2016 dr a r 000 0 spa d
040 _aDO-SdBNP
_bspa
_cBNPHU
082 _a324.23
_bH557p
100 1 _aHernández Fortuna, Arsenio
_937797
245 1 0 _aPropuestas para transformar la sociedad dominicana /
_cArsenio Hernández Fortuna.
246 _aEl 81% de los votantes del país tiene la convicción de que la RD necesita un cambio social y político (encuesta Gallup-Hoy, 14/03/2016)
260 _aSanto Domingo :
_bFrente Amplio,
_c2016.
300 _a153 p. :
_bil. ;
_c22 cm.
590 _aInventariado, 2019 / DG
650 0 _aPartidos políticos
_zRepública Dominicana
_9285
651 0 _aRepública Dominicana
_xPolítica y gobierno
_945
910 _aD/G
942 _2ddc
_cLBS1
999 _c47985
_d47985